[Event "Strmilov op"]
[Site "Strmilov"]
[Date "2004.05.06"]
[Round "4"]
[White "Nemecky, Jan"]
[Black "Odehnalova, Andrea"]
[Result "1-0"]
[WhiteElo "1489"]
[BlackElo "1553"]
[PlyCount "105"]
[EventDate "2004.05.05"]
[EventType "swiss"]
[EventRounds "9"]
[EventCountry "CZE"]
[SourceTitle "EXT 2006"]
[Source "ChessBase"]
[SourceDate "2005.11.24"]
[SourceVersion "1"]
[SourceVersionDate "2005.11.24"]
[SourceQuality "1"]

1. e4 e5 2. Bc4 Nc6 3. d3 Bc5 4. Nf3 Nf6 5. 0-0 d6 6. Nc3 Bg4 7. Be3 Nd4 8. Bxd4 Bxd4 9. h3 Bh5 10. g4 Nxg4 11. hxg4 Bxg4 12. Kg2 Qf6 13. Nd5 Qd8 14. Rg1 c6 15. Nc3 Qf6 16. Qe2 h5 17. Rh1 h4 18. Rh3 Bxh3+ 19. Kxh3 g5 20. Nh2 0-0-0 21. Ng4 Qe7 22. Qf3 Rdf8 23. Qf5+ Kb8 24. a4 a5 25. Rb1 f6 26. Ne2 Bb6 27. c3 Bd8 28. b4 Qc7 29. b5 b6 30. bxc6 Qxc6 31. Rb5 Qc7 32. Bb3 Qc8 33. Qxc8+ Kxc8 34. Be6+ Kc7 35. Bf5 Be7 36. c4 Rd8 37. Nc3 Kc6 38. Nd5 Bf8 39. Rxb6+ Kc5 40. Rb5+ Kd4 41. Nc7 Be7 42. Ne6+ Kxd3 43. Nxd8 Rxd8 44. Rb7 Bf8 45. Ne3 Ra8 46. Rb5 Be7 47. Nd5 Bd8 48. Ne3 Ra6 49. c5 dxc5 50. Rxc5 Be7 51. Rd5+ Ke2 52. Kg2 Rd6 53. Bg4+ 1-0